000 00788nam a2200241 i 4500
001 16012
003 ES-MaACL
005 20230906151227.0
007 t|
008 000601s1998 sp a |||| |bspa j
020 _a84-7846-763-7
080 _a75:929 Berruguete, Pedro
100 1 _aSilva Maroto, María Pilar.
_9106403
245 1 0 _aPedro Berruguete /
_cPilar Silva Maroto.
260 _a[Valladolid] :
_bConsejería de Educación y Cultura,
_c[1998]
300 _a358 p. :
_bil. col. y n. ;
_c25 cm.
490 1 _aEstudios de arte ;
_v10
600 1 4 _aBerruguete, Pedro (
_dca. 1450-1504)
_928402
710 1 _aCastilla y León.
_bConsejería de Educación y Cultura.
_92500
830 0 _aEstudios de arte ;
_v10
_9179848
852 _aES-MaACL
_jL-23168
999 _c16012
_d16012